VOA faces flood of rates appeals around the UK (Record no. 72229)
[ view plain ]
| 000 -LEADER | |
|---|---|
| fixed length control field | 01349cam a2200229 4500 |
| 001 - CONTROL NUMBER | |
| control field | WB3909-21 |
| 008 - FIXED-LENGTH DATA ELEMENTS--GENERAL INFORMATION | |
| fixed length control field | 030305n2003 000 0 eng u |
| 035 ## - SYSTEM CONTROL NUMBER | |
| System control number | (Sirsi) u121526 |
| 245 ## - TITLE STATEMENT | |
| Title | VOA faces flood of rates appeals around the UK |
| 260 ## - PUBLICATION, DISTRIBUTION, ETC. | |
| Date of publication, distribution, etc. | 2003 |
| 490 ## - SERIES STATEMENT | |
| Series statement | Estates Gazette |
| Volume/sequential designation | (0307) 15 February 2003, 32(1) |
| 520 ## - SUMMARY, ETC. | |
| Summary, etc. | Up to 200 000 properties could find their rateable value reduced if the Valuation Office Agency (VOA) considers recent flooding constitutes a material change in circumstances. This would lead to a flood of business rates and council tax appeals from homes and businesses in areas at high risk of flooding. According to current legislation the tenant is responsible for all outgoings on a property including insurance: the high rates of insurance at present mean that achievable rents and property values could be reduced and consequently affect the council tax banding of the property. The VOA is currently recruiting for rating surveyors and support staff in time for the council tax revaluation in 2007 and the business rate revaluation in 2005. |
| 590 ## - LOCAL NOTE (RLIN) | |
| Local note | WB |
| 650 ## - SUBJECT ADDED ENTRY--TOPICAL TERM | |
| Topical term or geographic name entry element | FLOOD RISK AREAS |
| 650 ## - SUBJECT ADDED ENTRY--TOPICAL TERM | |
| Topical term or geographic name entry element | BUSINESS RATES |
| 650 ## - SUBJECT ADDED ENTRY--TOPICAL TERM | |
| Topical term or geographic name entry element | COUNCIL TAX APPEALS |
| 650 ## - SUBJECT ADDED ENTRY--TOPICAL TERM | |
| Topical term or geographic name entry element | RATEABLE VALUE |
| 650 ## - SUBJECT ADDED ENTRY--TOPICAL TERM | |
| Topical term or geographic name entry element | RATING VALUATION |
| 650 ## - SUBJECT ADDED ENTRY--TOPICAL TERM | |
| Topical term or geographic name entry element | INSURANCE COSTS |
| 690 ## - LOCAL SUBJECT ADDED ENTRY--TOPICAL TERM (OCLC, RLIN) | |
| Topical term or geographic name as entry element | RATING AND LOCAL TAXATION |
| 942 ## - ADDED ENTRY ELEMENTS (KOHA) | |
| Suppress in OPAC | 0 |
| Withdrawn status | Lost status | Source of classification or shelving scheme | Damaged status | Not for loan | Home library | Current library | Shelving location | Date acquired | Total Checkouts | Full call number | Barcode | Date last seen | Copy number | Price effective from | Koha item type |
|---|---|---|---|---|---|---|---|---|---|---|---|---|---|---|---|
| Dewey Decimal Classification | London | London | News article | 05/03/2003 | WB3909-21 | 121526-1001 | 06/08/2019 | 1 | 06/08/2019 | News article |